Strengthen your immune system : (Record no. 6948)

MARC details
000 -LEADER
fixed length control field 01089cam a22002894a 4500
001 - CONTROL NUMBER
control field 12257038
003 - CONTROL NUMBER IDENTIFIER
control field GBCCL
005 - DATE AND TIME OF LATEST TRANSACTION
control field 20241126110616.0
008 - FIXED-LENGTH DATA ELEMENTS--GENERAL INFORMATION
fixed length control field 001214s2001 nyua 001 0 eng
010 ## -
-- 00069831
020 ## - INTERNATIONAL STANDARD BOOK NUMBER
International Standard Book Number 0762103248
020 ## - INTERNATIONAL STANDARD BOOK NUMBER
International Standard Book Number 1876689080
040 ## - CATALOGING SOURCE
Original cataloging agency DLC
Transcribing agency DLC
Modifying agency DLC
042 ## -
-- pcc
050 00 -
-- QR185.2
-- .S77 2001
082 00 - DEWEY DECIMAL CLASSIFICATION NUMBER
Classification number 616.079
Edition information 21
Item number STR
245 00 - TITLE STATEMENT
Title Strengthen your immune system :
Remainder of title boosting the body's own healing powers in the fight against disease.
260 ## - PUBLICATION, DISTRIBUTION, ETC.
Place of publication, distribution, etc. Pleasantville, N.Y. :
Name of publisher, distributor, etc. Reader's Digest,
Date of publication, distribution, etc. c2001.
300 ## - PHYSICAL DESCRIPTION
Extent 317 p. :
Other physical details col. ill. ;
Dimensions 26 cm.
500 ## - GENERAL NOTE
General note Includes index.
650 #0 - SUBJECT ADDED ENTRY--TOPICAL TERM
Topical term or geographic name entry element Natural immunity.
9 (RLIN) 12375
650 #0 - SUBJECT ADDED ENTRY--TOPICAL TERM
Topical term or geographic name entry element Health.
9 (RLIN) 9214
710 2# - ADDED ENTRY--CORPORATE NAME
Corporate name or jurisdiction name as entry element Reader's Digest Association.
9 (RLIN) 6294
906 ## - LOCAL DATA ELEMENT F, LDF (RLIN)
a 7
b cbc
c orignew
d 1
e ocip
f 20
g y-gencatlg
942 ## - ADDED ENTRY ELEMENTS (KOHA)
Source of classification or shelving scheme Dewey Decimal Classification
Koha item type Reference Books
Holdings
Withdrawn status Lost status Source of classification or shelving scheme Damaged status Not for loan Home library Current Library Shelving location Date acquired Total checkouts Full call number Barcode Date last seen Copy number Price effective from Koha item type
    Dewey Decimal Classification     GRACE BIBLE COLLEGE GRACE BIBLE COLLEGE Encyclopedia 2018-07-04   616.079 STR 010061 2025-05-01 c.1 2018-07-04 Reference Books
© Grace Bible College Library 2025